000 01248nam a22002657a 4500
001 107163
003 UA-OsUOA
005 20210424010559.0
007 ta
008 20140711b un ||||| |||| m0| 0 ukr d
040 _aUA-OsUOA
_bukr
_cUA-OsUOA
_dUA-OsUOA
041 _aukr
080 _a159.928.22:372.4
090 _a159.928.22:372.4
_bП16
100 _aПаненкова Ю. В.
245 _aПсихолого-педагогічні чинники адаптації обдарованих дітей до умов початкової школи
_bдисертація
_cПаненкова Юлія Валеріївна
260 _aОстрог
_bНаУОА
_c2014
300 _a245 с.
502 _bкандидат психологічних наук
_cНаціональний університет "Острозька академія"
_d2014
_o19.00.07 – педагогічна та вікова психологія
511 _aнауковий керівник доктор психологічних наук Климишин Ольга Іванівна
650 7 _a159.9 Психологія
_2UDC
942 _cBK
_2udc
955 _a1
999 _c392878
_d392878